| 000 | 00766 a2200205 4500 | ||
|---|---|---|---|
| 005 | 20080911164628.0 | ||
| 008 | 080911t xxu||||| |||| 00| 0 eng d | ||
| 010 | _aENG-87736 | ||
| 020 |
_a8179771210 _c75.00 |
||
| 035 | _aEN-71269 | ||
| 037 | _bDBAD / PUB | ||
| 082 | _a883.08 | ||
| 100 | _aGupta, Ramesh Kumar | ||
| 245 |
_aCritical studies in Indian writing in English _cby Ramesh Kumar Gupta |
||
| 260 |
_aBareilly _bPrakash Book Depot _c2005 |
||
| 270 |
_aBara Bazar _bBareilly _e243 003 |
||
| 300 |
_aiv, 150 p. _c21 cm ( pbk.) |
||
| 942 |
_adpl _cEN _k883.08/GUP _2ddc _h883.08 _mGUP |
||
| 999 |
_c6897 _d6897 |
||